Moonlight /

Saved in:
Bibliografiske detaljer
Hovedforfatter: Britell, Nicholas (Composer)
Andre forfattere: Jenkins, Barry, (1944- musicista) (Director), Monae, Janelle (Performer), Laxton, James R. (Photographer), Ali, Mahershala (Performer), McCraney, Tarell Alvin, (1980-...) (Conceptor), Rhodes, Trevante, (1990-) (Actor), Hibbert, Alex R. (Actor), Sanders, Ashton, (1995-) (Actor)
Format: Slide
Sprog:italiensk
engelsk
Udgivet: Roma : Luckyred homevideo, 2017
Tags: Tilføj Tag
Ingen Tags, Vær først til at tagge denne postø!

MARC

LEADER 00000ngm a22000007i 4500
001 IT\ICCU\TO1\0020457
003 ItRI
005 20260124182846.0
008 170707s2017 it |||||||||||||||k|||||c
024 3 1 |a 5051891150997 
028 4 2 |a 1000648396 
040 |b ita 
041 7 |a ita  |a eng  |2 ISO-639-2 
082 |a 791.43  |9 CINEMA  |2 14 
130 0 |a Moonlight <film ; 2016>  |3 IT\ICCU\RAV\2062312 
245 0 0 |a Moonlight /  |c [music by Nicholas Britell ; director of photography James Laxton ; screenplay by Barry Jenkins ; directed by Barry jenkins]. 
260 |a Roma :  |b Luckyred homevideo,  |c 2017 
300 |a 1 DVD-Video (circa 108 min.) :  |b color., sonoro 
500 |a Titolo del contenitore 
500 |a Produzione cinematografica USA 2016 
500 |a Basato sull'opera teatrale In Moonlight Black Boys Look Blue, di Tarell Alvin McCraney 
500 |a Lingue: italiano, inglese; sottotitoli: italiano anche per non udenti 
500 |a Interpreti: Alex R. Hibbert, Ashton Sanders, Trevante Rhodes, Mahershala Ali 
500 |a Caratteristiche tecniche: regione 2; PAL; video 16/9, 2.35:1; audio Dolby digital 5.1 
500 |a Contenuti extra: making of, trailer. 
700 1 |a Jenkins, Barry,  |d  (1944-   |c musicista)  |0 IT\ICCU\DDSV\213710  |4 drt 
700 1 |a Monae, Janelle  |0 IT\ICCU\LO1V\379682  |4 prf 
700 1 |a Laxton, James R.  |0 IT\ICCU\MODV\658690  |4 pht 
700 1 |a Britell, Nicholas  |0 IT\ICCU\MODV\660998  |4 cmp 
700 1 |a Ali, Mahershala  |0 IT\ICCU\MODV\663090  |4 prf 
700 1 |a McCraney, Tarell Alvin,  |d  (1980-...)  |0 IT\ICCU\MODV\663762  |4 ccp 
700 1 |a Rhodes, Trevante,  |d  (1990-)  |0 IT\ICCU\MODV\663763  |4 act 
700 1 |a Hibbert, Alex R.  |0 IT\ICCU\MODV\663764  |4 act 
700 1 |a Sanders, Ashton,  |d  (1995-)  |0 IT\ICCU\MODV\663765  |4 act 
790 1 |a Monáe Robinson, Janelle  |3 IT\ICCU\MILV\349484  |z Monae, Janelle 
942 |2 ddc  |c VM  |n 0 
952 |0 0  |1 0  |4 0  |6 VO_2323_000000000000000  |7 0  |9 27113  |a BO  |b BO  |d 2026-01-24  |i 18688  |l 0  |o VO 2323  |p BO18688  |r 2026-01-24 18:28:46  |w 2026-01-24  |x [Sebina 5] [1 dvd]  |y VM  |z 1 dvd 
999 |c 22947  |d 22947